Lectura, corazón del aprendizaje

Na minha lista:
Detalhes bibliográficos
Main Authors: Benda, Ana (Author), Ianantuoni, Elena (Author), Lamas, Graciela H. de (Author)
Formato: Livro
Idioma:espanhol
Publicado em: Buenos Aires Bonum 2006
Edição:1a. ed
Assuntos:
Tags: Adicionar Tag
Sem tags, seja o primeiro a adicionar uma tag!

MARC

LEADER 00000nam a2200000 a 4500
001 UCJ9413
003 CL-VaPUC
008 070316e20060000AG |||||||||||||||||spa|d
020 |a 9505078064 
082 0 4 |a 372.4  |b BEN  |2 21 
100 0 |a Benda, Ana  |e author  |9 519403 
700 0 |a Ianantuoni, Elena  |e author  |9 519404 
700 0 |a Lamas, Graciela H. de  |e author  |9 519405 
245 1 0 |a Lectura, corazón del aprendizaje 
250 |a 1a. ed 
300 |a 159 p 
942 |c BK 
945 |d 20070316 00:00:00  |a cmena 
260 |a Buenos Aires  |b Bonum  |c 2006 
650 0 |a Enseñanza de la lectura  |9 308364 
650 7 |a ROL DE LOS PADRES  |2 CL-VaPUC  |9 338980 
650 0 |a Rol del docente  |9 329733 
650 0 |a Comprensión de lectura  |9 307588 
650 0 |a Métodos de enseñanza  |9 270413 
650 0 |a Educación lingüística  |9 306506 
583 |a last modification  |c 20070316 00:00:00  |k Rodrigo Vera 
999 |c 324940  |d 324938 
952 |0 0  |1 0  |4 0  |6 372_400000000000000_BEN_2006  |7 0  |8 A  |9 405340  |a BIBTEO  |b BIBTEO  |d 2019-11-22  |i 429534K  |o 372.4 BEN 2006  |p 429534K  |r 2025-01-17  |w 2019-11-22  |y BK  |k ICR